000 00448nam a2200157Ia 4500
001 R-855
003 CODICE-MESSINA
005 20260212102458.0
008 260211s9999 xx 000 0 und d
040 _cimportazione_messina
100 _aDeborah Meyler
245 0 _aLo Strano Caso Dell'apprendista Libraia
245 0 _bUna piccola libreria a new york un amore da dimenticare .Una Magia tri libri
260 _bGarzanti
942 _2ddc
_cBK
999 _c27347
_d27347